[Event "ENCI Limburg-open C"]
[Site "Maastricht"]
[Date "2012.05.28"]
[Round "7"]
[White "De Lange, Gerard"]
[Black "Godding, Mick"]
[Result "0-1"]
[WhiteElo "1630"]
[BlackElo "1636"]
[PlyCount "156"]
[EventDate "2012.05.25"]
[EventType "swiss"]
[EventRounds "7"]
[EventCountry "NED"]
[Source "P.Boonen"]
[SourceDate "2013.01.01"]

1. c4 e5 2. Nc3 Nf6 3. g3 Bb4 4. Bg2 Nc6 5. e3 b6 6. a3 Bxc3 7. bxc3 Bb7 8. Ne2
O-O 9. O-O Na5 10. Bxb7 Nxb7 11. d4 d6 12. Qc2 Na5 13. Qa2 c5 14. Rd1 Qc8 15.
d5 Qa6 16. f3 Nxc4 17. e4 b5 18. g4 Nd7 19. a4 bxa4 20. Qxa4 Qxa4 21. Rxa4 Ndb6
22. Ra6 Rfb8 23. Bg5 f6 24. Bh4 Nc8 25. g5 fxg5 26. Bxg5 Rb6 27. Ra4 Nb2 28.
Rda1 Nxa4 29. Rxa4 Kf7 30. Ng3 g6 31. f4 exf4 32. Bxf4 a5 33. e5 dxe5 34. Bxe5
Rb1+ 35. Kg2 Rd1 36. Rf4+ Kg8 37. c4 Nb6 38. Ne4 Nd7 39. Nf6+ Nxf6 40. Rxf6 Re8
41. Bd6 Re2+ 42. Kh3 Rd3+ 43. Bg3 Re4 44. Ra6 Rxc4 45. d6 Rcd4 46. Rxa5 Rxd6
47. Rxc5 R6d5 48. Rc7 Rd7 49. Rc6 Kg7 50. Kg2 R3d5 51. Rb6 Rh5 52. Kf3 Rd2 53.
Rb7+ Kg8 54. Ke3 Rdxh2 55. Bxh2 Rxh2 56. Kf3 Rh5 57. Kg4 Rf5 58. Rc7 Rf7 59.
Rc8+ Kg7 60. Rc5 Ra7 61. Kf4 Kh6 62. Rc4 g5+ 63. Kg4 Ra6 64. Rc5 Ra4+ 65. Kg3
Kh5 66. Rc7 Ra3+ 67. Kg2 h6 68. Rd7 Kh4 69. Rh7 h5 70. Rh8 g4 71. Rh7 Ra2+ 72.
Kg1 Kg3 73. Kf1 h4 74. Rb7 Rf2+ 75. Kg1 h3 76. Rb3+ Rf3 77. Rb2 h2+ 78. Rxh2
Rf1+ 0-1

[Event "ENCI Limburg-open C"]
[Site "Maastricht"]
[Date "2012.05.28"]
[Round "7"]
[White "De Lange, Marieke"]
[Black "Slangen Knuit, Dien"]
[Result "1-0"]
[WhiteElo "1223"]
[BlackElo "1117"]
[PlyCount "51"]
[EventDate "2012.05.25"]
[EventType "swiss"]
[EventRounds "7"]
[EventCountry "NED"]
[Source "P.Boonen"]
[SourceDate "2013.01.01"]

1. d4 d5 2. c4 e6 3. Nf3 c6 4. Nc3 dxc4 5. e4 b5 6. a3 Nd7 7. Be2 Qe7 8. O-O a6
9. b3 cxb3 10. Qxb3 c5 11. dxc5 Nxc5 12. Qc2 e5 13. Nd5 Qd6 14. Rd1 Qb8 15. Be3
Nd7 16. Nc7+ Kd8 17. Nxa8 Qxa8 18. Nxe5 Ngf6 19. Nxf7+ Ke8 20. Nxh8 Qb8 21. Qb3
Ne5 22. f4 Nc4 23. Bxc4 Nd7 24. Be2 Bb7 25. Qf7+ Kd8 26. Qxd7# 1-0

[Event "ENCI Limburg-open C"]
[Site "Maastricht"]
[Date "2012.05.28"]
[Round "7"]
[White "De Leeuw, Bart"]
[Black "Klokgieters, Dick"]
[Result "1/2-1/2"]
[WhiteElo "1678"]
[BlackElo "1534"]
[PlyCount "39"]
[EventDate "2012.05.25"]
[EventType "swiss"]
[EventRounds "7"]
[EventCountry "NED"]
[Source "P.Boonen"]
[SourceDate "2013.01.01"]

1. Nf3 d5 2. c4 c6 3. d4 g6 4. Nc3 Bg7 5. Bf4 Nf6 6. e3 O-O 7. Bd3 Nbd7 8. Ne5
Nh5 9. cxd5 Nxe5 10. Bxe5 Bxe5 11. dxe5 cxd5 12. Be2 Ng7 13. Qxd5 Qb6 14. Qb5
Qc7 15. O-O Bd7 16. Qd3 Rad8 17. f4 Bc6 18. Qc4 Qb6 19. Nd1 Nf5 20. Qb3 1/2-1/2

[Event "ENCI Limburg-open C"]
[Site "Maastricht"]
[Date "2012.05.28"]
[Round "7"]
[White "De Ridder, Gertie"]
[Black "Schoffelen, Jan"]
[Result "0-1"]
[WhiteElo "1121"]
[BlackElo "1359"]
[PlyCount "105"]
[EventDate "2012.05.25"]
[EventType "swiss"]
[EventRounds "7"]
[EventCountry "NED"]
[Source "P.Boonen"]
[SourceDate "2013.01.01"]

1. e4 c5 2. Nf3 Nc6 3. d4 cxd4 4. Nxd4 Nxd4 5. Qxd4 d6 6. Nc3 a6 7. Be3 Bd7 8.
Be2 Nf6 9. O-O e6 10. Bf3 e5 11. Qd2 h6 12. Nd5 Nxd5 13. exd5 Be7 14. Qb4 b5
15. Bg4 Qc8 16. Bxd7+ Qxd7 17. Rfe1 O-O 18. Re2 Rfc8 19. Rc1 Rc4 20. Qe1 Rac8
21. b3 Rg4 22. f3 Rg6 23. Qf1 Qf5 24. a3 Bg5 25. Bxg5 Rxg5 26. c3 Qd3 27. Rec2
Qxd5 28. c4 Qc5+ 29. Kh1 b4 30. a4 Qe3 31. Rb2 Rc5 32. Qg1 Qf4 33. Rbc2 h5 34.
Re2 f5 35. Qe3 Qxe3 36. Rxe3 f4 37. Rd3 Rg6 38. Rd5 Rc6 39. c5 Kf7 40. Rd2 dxc5
41. Kg1 Ke7 42. Re1 Ke6 43. Rc1 Kf5 44. Kf2 Rge6 45. Rd5 g5 46. a5 Kf6 47. Rc4
Ke7 48. Ke2 g4 49. h4 gxh3 50. gxh3 Kf6 51. Rcxc5 Rxc5 52. Rxc5 Kg5 53. Rb5 0-1

[Event "ENCI Limburg-open C"]
[Site "Maastricht"]
[Date "2012.05.28"]
[Round "7"]
[White "Dedoncker, Pieter"]
[Black "De Vries, Paul1"]
[Result "0-1"]
[WhiteElo "1106"]
[BlackElo "1476"]
[PlyCount "56"]
[EventDate "2012.05.25"]
[EventType "swiss"]
[EventRounds "7"]
[EventCountry "NED"]
[Source "P.Boonen"]
[SourceDate "2013.01.01"]

1. e4 e6 2. d4 d5 3. e5 c5 4. Be3 Qb6 5. b3 Nc6 6. Nf3 Bd7 7. Bd3 cxd4 8. Bf4
Nge7 9. c3 Ng6 10. Bd2 Ngxe5 11. Nxe5 Nxe5 12. Be2 d3 13. Bg4 Bc5 14. O-O Nxg4
15. Qxg4 g6 16. Qf3 O-O-O 17. b4 Bd6 18. Qxd3 Bb5 19. c4 Bxc4 20. Rc1 Kb8 21.
Qf3 Bxb4 22. Bxb4 Qxb4 23. Qxf7 Rhf8 24. Qxh7 Qb2 25. Nc3 Qxf2+ 26. Kh1 Rh8 27.
Qg7 Qf4 28. Rab1 Qxh2# 0-1

[Event "ENCI Limburg-open C"]
[Site "Maastricht"]
[Date "2012.05.28"]
[Round "7"]
[White "Dekens, Joop"]
[Black "Van Ginneken, Jos"]
[Result "1/2-1/2"]
[WhiteElo "1594"]
[BlackElo "1566"]
[PlyCount "39"]
[EventDate "2012.05.25"]
[EventType "swiss"]
[EventRounds "7"]
[EventCountry "NED"]
[Source "P.Boonen"]
[SourceDate "2013.01.01"]

1. d4 d6 2. c4 Nf6 3. Nc3 Nbd7 4. e4 e5 5. d5 h6 6. b4 Be7 7. Be3 O-O 8. Be2
Nh7 9. Nf3 Ng5 10. Qd2 f5 11. exf5 Rxf5 12. Nh4 Ne4 13. Nxe4 Bxh4 14. Bg4 Rf8
15. g3 Nf6 16. Nxf6+ Bxf6 17. Be2 Bf5 18. O-O Qd7 19. Rac1 b6 20. Bd3 1/2-1/2

[Event "ENCI Limburg-open C"]
[Site "Maastricht"]
[Date "2012.05.28"]
[Round "7"]
[White "Halfhide, Sebastian"]
[Black "Geene, Patrick"]
[Result "1/2-1/2"]
[WhiteElo "1119"]
[BlackElo "1511"]
[PlyCount "34"]
[EventDate "2012.05.25"]
[EventType "swiss"]
[EventRounds "7"]
[EventCountry "NED"]
[Source "P.Boonen"]
[SourceDate "2013.01.01"]

1. e4 e5 2. Nf3 Nc6 3. Bc4 Bc5 4. O-O Nf6 5. d3 d6 6. h3 h6 7. c3 Be6 8. Bb5
Bd7 9. a4 a6 10. Bc4 Be6 11. Bb3 O-O 12. Be3 Ba7 13. Nbd2 Nd7 14. d4 Bxb3 15.
Qxb3 Bb6 16. Rad1 Qe7 17. Rfe1 Rfe8 1/2-1/2

[Event "ENCI Limburg-open C"]
[Site "Maastricht"]
[Date "2012.05.28"]
[Round "7"]
[White "Hoferichter, Michael"]
[Black "Gerlagh, Reyer"]
[Result "1/2-1/2"]
[WhiteElo "1188"]
[BlackElo "1327"]
[PlyCount "46"]
[EventDate "2012.05.25"]
[EventType "swiss"]
[EventRounds "7"]
[EventCountry "NED"]
[Source "P.Boonen"]
[SourceDate "2013.01.01"]

1. d4 d5 2. Nf3 Nf6 3. e3 e6 4. Bd3 c5 5. c3 c4 6. Bc2 g6 7. Nbd2 Bg7 8. O-O
O-O 9. Ne5 Nc6 10. Re1 Nxe5 11. dxe5 Nd7 12. f4 b6 13. Nf3 Bb7 14. Nd4 a6 15.
Qf3 Qe7 16. Qh3 Rfc8 17. Rf1 Nf8 18. Bd2 f6 19. exf6 Bxf6 20. Rae1 Rc7 21. Rf3
Re8 22. Qh6 Bg7 23. Qh3 Bf6 1/2-1/2

[Event "ENCI Limburg-open C"]
[Site "Maastricht"]
[Date "2012.05.28"]
[Round "7"]
[White "Hoornstra, Ischa"]
[Black "Calje, Ming Dao"]
[Result "1-0"]
[WhiteElo "983"]
[BlackElo "800"]
[PlyCount "49"]
[EventDate "2012.05.25"]
[EventType "swiss"]
[EventRounds "7"]
[EventCountry "NED"]
[Source "P.Boonen"]
[SourceDate "2013.01.01"]

1. e4 e5 2. Nf3 Nc6 3. Bc4 Bc5 4. Nc3 d6 5. h3 Nf6 6. d3 Be6 7. Bb3 Qd7 8. Bg5
h6 9. Bh4 Nd4 10. Na4 d5 11. Nxc5 Qc6 12. Nxd4 Qxc5 13. Nxe6 fxe6 14. Bxf6 gxf6
15. Qh5+ Kd7 16. Qf7+ Qe7 17. Qxe7+ Kxe7 18. exd5 exd5 19. Bxd5 Kd7 20. Bf3 c6
21. O-O-O b6 22. d4 Rac8 23. Rhe1 Ke6 24. dxe5 fxe5 25. Bg4+ 1-0

[Event "ENCI Limburg-open C"]
[Site "Maastricht"]
[Date "2012.05.28"]
[Round "7"]
[White "Kroon, Joppe"]
[Black "Dols, Jos"]
[Result "0-1"]
[WhiteElo "1053"]
[BlackElo "1571"]
[PlyCount "58"]
[EventDate "2012.05.25"]
[EventType "swiss"]
[EventRounds "7"]
[EventCountry "NED"]
[Source "P.Boonen"]
[SourceDate "2013.01.01"]

1. e4 c5 2. Nc3 e6 3. f4 Nc6 4. Nf3 a6 5. g3 Nge7 6. Bg2 g6 7. d3 d5 8. O-O
dxe4 9. dxe4 Qxd1 10. Rxd1 Rb8 11. Be3 b6 12. Rf1 Nb4 13. Rac1 Bg7 14. g4 Bxc3
15. bxc3 Nxa2 16. Rcd1 Nxc3 17. Rd3 Nxe4 18. Nh4 Nf6 19. f5 gxf5 20. gxf5 Rg8
21. Bf4 Rb7 22. Kh1 Rd7 23. Rfd1 Rxd3 24. Rxd3 Bd7 25. Nf3 Ned5 26. Bg3 Nh5 27.
Be1 Rxg2 28. Rxd5 Rxh2+ 29. Kxh2 exd5 0-1

[Event "ENCI Limburg-open C"]
[Site "Maastricht"]
[Date "2012.05.28"]
[Round "7"]
[White "Kroon, Mike"]
[Black "Dijksman, Sebastiaan"]
[Result "0-1"]
[WhiteElo "1598"]
[BlackElo "1654"]
[PlyCount "78"]
[EventDate "2012.05.25"]
[EventType "swiss"]
[EventRounds "7"]
[EventCountry "NED"]
[Source "P.Boonen"]
[SourceDate "2013.01.01"]

1. e4 c6 2. d4 d5 3. exd5 cxd5 4. Bd3 Nf6 5. Bf4 Nc6 6. c3 e6 7. Nd2 Bd6 8. Bg3
Bxg3 9. hxg3 Qc7 10. Ngf3 Bd7 11. Qe2 h6 12. Ne5 Nxe5 13. dxe5 Ng8 14. f4 Ne7
15. g4 Nc6 16. Nf3 O-O-O 17. Bb5 g6 18. Bxc6 Bxc6 19. Nd4 Rde8 20. O-O-O Qa5
21. Kb1 Kb8 22. Rh3 Qb6 23. f5 exf5 24. gxf5 gxf5 25. Nxf5 Bd7 26. Rf3 Qg6 27.
Qc2 Rxe5 28. Nd4 Qxc2+ 29. Kxc2 Bg4 30. Rxf7 Bxd1+ 31. Kxd1 Rg5 32. Ne6 Rxg2
33. Nc5 Rxb2 34. Kc1 Rxa2 35. Rxb7+ Ka8 36. Rd7 h5 37. Kb1 Rg2 38. Ne6 h4 39.
Nd4 Re8 0-1

[Event "ENCI Limburg-open C"]
[Site "Maastricht"]
[Date "2012.05.28"]
[Round "7"]
[White "Krug, Franz Dieter"]
[Black "Uiterwijk, Jos"]
[Result "1/2-1/2"]
[WhiteElo "1540"]
[BlackElo "1577"]
[PlyCount "67"]
[EventDate "2012.05.25"]
[EventType "swiss"]
[EventRounds "7"]
[EventCountry "NED"]
[Source "P.Boonen"]
[SourceDate "2013.01.01"]

1. d4 d5 2. c4 c6 3. e3 g6 4. cxd5 cxd5 5. Bd3 Nf6 6. h3 Bg7 7. Nf3 O-O 8. O-O
Nc6 9. a3 a6 10. Nc3 b5 11. b4 Bd7 12. Re1 Qc8 13. e4 dxe4 14. Nxe4 Bf5 15. Bb2
Nxe4 16. Bxe4 Bxe4 17. Rxe4 Qf5 18. Qe2 e6 19. Rc1 Rac8 20. Rc5 Qf6 21. Qc2 Na7
22. Ne5 Rxc5 23. dxc5 Rc8 24. Bd4 Qd8 25. Qc3 f6 26. Nf3 e5 27. Qb3+ Kf8 28.
Bc3 Qe7 29. Nd4 Qf7 30. Qxf7+ Kxf7 31. Nf3 Rd8 32. Ne1 Nc6 33. Kf1 Bh6 34. g3
1/2-1/2

[Event "ENCI Limburg-open C"]
[Site "Maastricht"]
[Date "2012.05.28"]
[Round "7"]
[White "Kuiper, Adrian"]
[Black "Van Rossum, Pia"]
[Result "1-0"]
[WhiteElo "1569"]
[BlackElo "1616"]
[PlyCount "89"]
[EventDate "2012.05.25"]
[EventType "swiss"]
[EventRounds "7"]
[EventCountry "NED"]
[Source "P.Boonen"]
[SourceDate "2013.01.01"]

1. d4 Nf6 2. c4 g6 3. Nc3 d6 4. Nf3 Bg7 5. e3 O-O 6. Bd3 Nc6 7. O-O e5 8. b3
Bg4 9. Be2 Ne8 10. dxe5 Bxf3 11. Bxf3 Bxe5 12. Bb2 Qd7 13. Qc2 Rb8 14. Rad1 Bg7
15. Bxc6 Qxc6 16. Nd5 Qd7 17. Bxg7 Kxg7 18. Qc3+ Kg8 19. c5 c6 20. Nb4 d5 21.
e4 Nc7 22. Rd2 Nb5 23. Qb2 Qe7 24. exd5 Qxc5 25. a3 a5 26. Nd3 Qxa3 27. Qxa3
Nxa3 28. Ra1 Nb5 29. Rxa5 b6 30. Ra1 Nd4 31. Rb1 c5 32. Ne5 Ra8 33. Nc4 Ra6 34.
b4 b5 35. Ne3 Rfa8 36. bxc5 Ra1 37. Rdd1 R1a6 38. Kf1 Rc8 39. c6 Kf8 40. Ra1
Rxa1 41. Rxa1 Ke7 42. Ra7+ Kd6 43. Rxf7 Ra8 44. g3 Ra1+ 45. Kg2 1-0

[Event "ENCI Limburg-open C"]
[Site "Maastricht"]
[Date "2012.05.28"]
[Round "7"]
[White "Kumpen, Jona"]
[Black "Deniz, Patrick"]
[Result "1-0"]
[WhiteElo "1490"]
[BlackElo "800"]
[PlyCount "111"]
[EventDate "2012.05.25"]
[EventType "swiss"]
[EventRounds "7"]
[EventCountry "NED"]
[Source "P.Boonen"]
[SourceDate "2013.01.01"]

1. d4 d5 2. Nf3 Nf6 3. Bf4 Bf5 4. e3 e6 5. c4 dxc4 6. Bxc4 Qe7 7. O-O Qb4 8.
Qb3 c5 9. Qxb4 cxb4 10. Nbd2 Ne4 11. Rac1 Be7 12. Bb5+ Nc6 13. Bxc6+ bxc6 14.
Rxc6 O-O 15. Rfc1 a5 16. Rc7 Bf6 17. Nc4 a4 18. Nb6 Rad8 19. Nxa4 g6 20. Be5
Bxe5 21. Nxe5 Ra8 22. b3 f6 23. Nd7 Rf7 24. Ndb6 Rxc7 25. Rxc7 Rd8 26. Rc8 Rxc8
27. Nxc8 Kf7 28. Kf1 e5 29. Ncb6 exd4 30. exd4 Ke7 31. Nd5+ Kd6 32. Nxb4 Kc7
33. Ke2 h5 34. Nc5 Kb6 35. Nxe4 Bxe4 36. f3 Bb7 37. Kd3 Kb5 38. Kc3 g5 39. a4+
Ka5 40. Kc4 Kb6 41. Nd5+ Kc6 42. Nxf6 Ba6+ 43. Kb4 h4 44. Ka5 Kb7 45. d5 Bd3
46. b4 Bf5 47. b5 Kc7 48. Kb4 Kd6 49. a5 Kc7 50. Kc5 Kb7 51. d6 Kc8 52. d7+ Kd8
53. a6 Bxd7 54. Nxd7 Kxd7 55. a7 Kc7 56. a8=Q 1-0

[Event "ENCI Limburg-open C"]
[Site "Maastricht"]
[Date "2012.05.28"]
[Round "7"]
[White "Lammes, Pim"]
[Black "Chappin, Rene"]
[Result "1/2-1/2"]
[WhiteElo "1613"]
[BlackElo "1592"]
[PlyCount "26"]
[EventDate "2012.05.25"]
[EventType "swiss"]
[EventRounds "7"]
[EventCountry "NED"]
[Source "P.Boonen"]
[SourceDate "2013.01.01"]

1. e4 c5 2. Nc3 Nc6 3. Nf3 g6 4. d3 Bg7 5. Ne2 d6 6. Ng3 Nf6 7. c3 Qb6 8. Be2
Bg4 9. h3 Bxf3 10. Bxf3 O-O 11. Be2 Nd7 12. f4 e5 13. f5 Qd8 1/2-1/2

[Event "ENCI Limburg-open C"]
[Site "Maastricht"]
[Date "2012.05.28"]
[Round "7"]
[White "Lemmens, Paul"]
[Black "Van Dael, Siem"]
[Result "1-0"]
[WhiteElo "1333"]
[BlackElo "1127"]
[PlyCount "67"]
[EventDate "2012.05.25"]
[EventType "swiss"]
[EventRounds "7"]
[EventCountry "NED"]
[Source "P.Boonen"]
[SourceDate "2013.01.01"]

1. e4 e5 2. Bc4 Nf6 3. d3 Nc6 4. Nf3 Bc5 5. Bg5 d6 6. c3 O-O 7. d4 Bb6 8. d5
Ne7 9. Bxf6 gxf6 10. Qc2 Ng6 11. Nbd2 Kh8 12. g3 Bh3 13. Bf1 Bg4 14. h3 Bd7 15.
h4 Rg8 16. h5 Ne7 17. Nh4 Qc8 18. Ndf3 f5 19. Bh3 fxe4 20. Bxd7 Qxd7 21. Qxe4
f5 22. Qc2 e4 23. Nd2 Nxd5 24. O-O-O Bxf2 25. Nxe4 Ne3 26. Qxf2 Nxd1 27. Qd4+
Rg7 28. h6 fxe4 29. hxg7+ Kg8 30. Qd5+ Kxg7 31. Nf5+ Kf8 32. Rf1 Nxc3 33. bxc3
c6 34. Nxd6+ 1-0

[Event "ENCI Limburg-open C"]
[Site "Maastricht"]
[Date "2012.05.28"]
[Round "7"]
[White "Mohr, Markus"]
[Black "Mollema, Henk"]
[Result "1-0"]
[WhiteElo "1655"]
[BlackElo "1493"]
[PlyCount "139"]
[EventDate "2012.05.25"]
[EventType "swiss"]
[EventRounds "7"]
[EventCountry "NED"]
[Source "P.Boonen"]
[SourceDate "2013.01.01"]

1. e4 e5 2. Nf3 Nc6 3. Bb5 a6 4. Bxc6 dxc6 5. O-O Bg4 6. h3 Bh5 7. d3 Bd6 8.
Be3 Nf6 9. Nbd2 Qe7 10. Re1 O-O-O 11. a3 h6 12. Nf1 g5 13. Ng3 Bg6 14. Nh2 Nd7
15. Qf3 h5 16. Nf5 Bxf5 17. Qxf5 f6 18. Kf1 Rdg8 19. Ke2 g4 20. hxg4 Qg7 21. f3
Kb8 22. Rg1 h4 23. Nf1 Nf8 24. f4 exf4 25. Bxf4 Bxf4 26. Qxf4 Ne6 27. Qf2 Qxg4+
28. Kd2 Qg5+ 29. Kc3 Qe5+ 30. Kb3 Nd4+ 31. Ka2 Qe6+ 32. b3 Nb5 33. Ne3 Nc3+ 34.
Kb2 Qe5 35. Nc4 Nd1+ 36. Ka2 Nc3+ 37. Kb2 Nxe4+ 38. Nxe5 Nxf2 39. Nd7+ Kc8 40.
Nxf6 Rf8 41. Ne4 Nxe4 42. dxe4 Rf4 43. e5 Re8 44. Rae1 Re6 45. Re2 Rf5 46. Rge1
c5 47. Re4 Rh5 48. R1e3 Kd7 49. Kc3 Kc6 50. Kd3 b5 51. Ke2 a5 52. Kf2 b4 53. a4
Kd5 54. Rc4 Rf5+ 55. Kg1 Rfxe5 56. Rxe5+ Rxe5 57. Rxh4 Re4 58. Rxe4 Kxe4 59.
Kf2 Kd4 60. g4 Kc3 61. g5 Kxc2 62. g6 Kxb3 63. g7 Kxa4 64. g8=Q b3 65. Qc4+ Ka3
66. Qxc5+ Kb2 67. Qxa5 Kb1 68. Ke2 b2 69. Kd2 c6 70. Qb6 1-0

[Event "ENCI Limburg-open C"]
[Site "Maastricht"]
[Date "2012.05.28"]
[Round "7"]
[White "Nissel, Andreas"]
[Black "Beukema, Jasper"]
[Result "0-1"]
[WhiteElo "1698"]
[BlackElo "1625"]
[PlyCount "94"]
[EventDate "2012.05.25"]
[EventType "swiss"]
[EventRounds "7"]
[EventCountry "NED"]
[Source "P.Boonen"]
[SourceDate "2013.01.01"]

1. d4 d5 2. Nc3 Nf6 3. Bg5 Bf5 4. Nf3 Nc6 5. a3 e6 6. e3 Be7 7. Nh4 Bg6 8. Nxg6
hxg6 9. Bd3 Qd7 10. h3 Ne4 11. Bxe7 Nxc3 12. bxc3 Nxe7 13. c4 c6 14. Qe2 dxc4
15. Bxc4 Nd5 16. Qd2 Nb6 17. Bb3 O-O-O 18. Qa5 Kb8 19. Qe5+ Qc7 20. Qxg7 Nd5
21. c4 Rdg8 22. Qe5 Qxe5 23. dxe5 Nb6 24. Rd1 Kc7 25. f4 Rd8 26. Ke2 Rxd1 27.
Rxd1 Rd8 28. Rxd8 Kxd8 29. e4 Ke7 30. Ke3 Nd7 31. g4 Kf8 32. h4 Kg7 33. Kd4 Kh6
34. c5 Kg7 35. f5 Nf8 36. Bc2 Kh6 37. g5+ Kh5 38. fxg6 Nxg6 39. Bd1+ Kxh4 40.
a4 Kxg5 41. a5 a6 42. Be2 Kf4 43. Bh5 Nxe5 44. Be2 Nf3+ 45. Kd3 Ng5 46. Bh5 Ke5
47. Bxf7 Nxf7 0-1

[Event "ENCI Limburg-open C"]
[Site "Maastricht"]
[Date "2012.05.28"]
[Round "7"]
[White "Ousmane, Tijany"]
[Black "Heman, Frans"]
[Result "0-1"]
[WhiteElo "1519"]
[BlackElo "1550"]
[PlyCount "44"]
[EventDate "2012.05.25"]
[EventType "swiss"]
[EventRounds "7"]
[EventCountry "NED"]
[Source "P.Boonen"]
[SourceDate "2013.01.01"]

1. e4 e6 2. b3 c5 3. Bb2 Nc6 4. g3 d6 5. Bg2 Nge7 6. d3 Ng6 7. f4 Bd7 8. Nf3
Qa5+ 9. Bc3 Qb6 10. Nfd2 Nd4 11. Nc4 Qc7 12. Bxd4 cxd4 13. c3 dxc3 14. Nxc3 b5
15. Nxd6+ Bxd6 16. e5 Bxe5 17. Bxa8 Bxc3+ 18. Ke2 Bxa1 19. Qxa1 Qc2+ 20. Ke3
Qc5+ 21. Ke2 O-O 22. Rc1 Qh5+ 0-1

[Event "ENCI Limburg-open C"]
[Site "Maastricht"]
[Date "2012.05.28"]
[Round "7"]
[White "Overtoom, Reinier"]
[Black "De Bruin, Joost"]
[Result "1-0"]
[WhiteElo "1705"]
[BlackElo "1729"]
[PlyCount "103"]
[EventDate "2012.05.25"]
[EventType "swiss"]
[EventRounds "7"]
[EventCountry "NED"]
[Source "P.Boonen"]
[SourceDate "2013.01.01"]

1. c4 Nf6 2. g3 g6 3. Bg2 Bg7 4. Nc3 O-O 5. d4 c5 6. d5 d6 7. e4 a6 8. h3 b5 9.
cxb5 axb5 10. Nxb5 Ba6 11. Nc3 Nbd7 12. f4 Qb6 13. Nge2 Ne8 14. O-O Nc7 15. Kh2
Nb5 16. Nxb5 Bxb5 17. Rf3 Ra7 18. Nc3 Ba6 19. Qc2 Rb8 20. Na4 Qc7 21. Rb3 Rxb3
22. axb3 Qb8 23. Bd2 Bb5 24. Bf1 Bxf1 25. Rxf1 Rb7 26. Rf3 Nb6 27. Nxb6 Rxb6
28. Kg2 Qb7 29. Bc3 Rxb3 30. Bxg7 Rxf3 31. Bc3 Rxc3 32. Qxc3 Qb5 33. Kf2 f6 34.
g4 h6 35. b3 Kf7 36. h4 Qd7 37. Kg3 Qb5 38. Kf2 Qa6 39. g5 hxg5 40. fxg5 Qa2+
41. Kg3 Qe2 42. Qf3 Qxf3+ 43. Kxf3 fxg5 44. hxg5 Ke8 45. e5 dxe5 46. Ke4 Kd7
47. Kxe5 Kd8 48. Ke6 Ke8 49. d6 exd6 50. Kxd6 Kf7 51. Kxc5 Ke6 52. b4 1-0

[Event "ENCI Limburg-open C"]
[Site "Maastricht"]
[Date "2012.05.28"]
[Round "7"]
[White "Parren, Ashley"]
[Black "Jacobs, Tobias"]
[Result "1-0"]
[WhiteElo "1290"]
[BlackElo "1416"]
[PlyCount "51"]
[EventDate "2012.05.25"]
[EventType "swiss"]
[EventRounds "7"]
[EventCountry "NED"]
[Source "P.Boonen"]
[SourceDate "2013.01.01"]

1. e4 c6 2. Nf3 d5 3. exd5 cxd5 4. d4 Bf5 5. Nc3 e6 6. Bb5+ Nd7 7. Ne5 Ngf6 8.
Bg5 Ke7 9. Nxd7 h6 10. Bxf6+ gxf6 11. Nc5 a6 12. Bd3 Bg6 13. Nxb7 Qb6 14. Nc5
Qxb2 15. N5a4 Qb4 16. Rb1 Qxd4 17. Bxg6 Qe5+ 18. Qe2 Qxe2+ 19. Kxe2 fxg6 20.
Rb7+ Ke8 21. Rhb1 Bd6 22. h3 Rc8 23. R1b6 Be5 24. Rxe6+ Kd8 25. Ree7 Bxc3 26.
Rbd7# 1-0

[Event "ENCI Limburg-open C"]
[Site "Maastricht"]
[Date "2012.05.28"]
[Round "7"]
[White "Reyskens, Jules"]
[Black "Warmerdam, Max"]
[Result "1-0"]
[WhiteElo "1737"]
[BlackElo "1648"]
[PlyCount "55"]
[EventDate "2012.05.25"]
[EventType "swiss"]
[EventRounds "7"]
[EventCountry "NED"]
[Source "P.Boonen"]
[SourceDate "2013.01.01"]

1. e4 e5 2. Nf3 Nc6 3. Bc4 Nf6 4. Ng5 d5 5. exd5 Na5 6. Bb5+ c6 7. dxc6 bxc6 8.
Qf3 h6 9. Ne4 Nxe4 10. Qxe4 Qc7 11. Ba4 Bd7 12. d4 f6 13. O-O Bd6 14. dxe5 fxe5
15. Qg6+ Kf8 16. Nc3 Be8 17. Qe4 Nb7 18. Bb3 Bf7 19. Bxf7 Kxf7 20. Qf5+ Ke7 21.
Qg6 Rhg8 22. Be3 Bc5 23. Ne4 Bb6 24. Rad1 Rad8 25. Bxb6 axb6 26. Ng3 Nd6 27.
Rxd6 Rxd6 28. Nf5+ 1-0

[Event "ENCI Limburg-open C"]
[Site "Maastricht"]
[Date "2012.05.28"]
[Round "7"]
[White "Rosenbrand, Stefan"]
[Black "Dijkhuis, Oele"]
[Result "1/2-1/2"]
[WhiteElo "1381"]
[BlackElo "988"]
[PlyCount "112"]
[EventDate "2012.05.25"]
[EventType "swiss"]
[EventRounds "7"]
[EventCountry "NED"]
[Source "P.Boonen"]
[SourceDate "2013.01.01"]

1. e4 e5 2. Nf3 Nc6 3. Bb5 a6 4. Ba4 Nf6 5. O-O b5 6. Bb3 Bc5 7. Re1 d6 8. c3
Bg4 9. h3 Bh5 10. d3 h6 11. Nbd2 O-O 12. Nf1 Na5 13. Bc2 b4 14. Ng3 Bg6 15. d4
exd4 16. cxd4 Bb6 17. Nh4 Nd7 18. Nxg6 fxg6 19. Be3 Nc4 20. Bb3 d5 21. exd5
Nxe3 22. fxe3 Qh4 23. Kh2 Rf2 24. Re2 Raf8 25. Qc2 Rxe2 26. Qxe2 a5 27. Rf1
Rxf1 28. Qxf1 Kh7 29. Qf3 Nf6 30. Bc2 Qg5 31. Ne4 Nxe4 32. Qxe4 Qf6 33. Qe6 h5
34. Kg1 Kh6 35. g3 c5 36. Qxf6 gxf6 37. dxc5 Bxc5 38. Kf2 Kg7 39. Kf3 Kf7 40.
Kf4 g5+ 41. Kf5 Bxe3 42. d6 Bb6 43. Bb3+ Ke8 44. Kxf6 h4 45. Ba4+ Kd8 46. g4
Be3 47. Ke6 Bf4 48. Kd5 Bg3 49. Kc5 Bf4 50. Bc6 Be5 51. b3 Bf4 52. Kb6 Bxd6 53.
Kxa5 Be7 54. Kb6 Bd6 55. Kb5 Be7 56. Kc4 Bf8 1/2-1/2

[Event "ENCI Limburg-open C"]
[Site "Maastricht"]
[Date "2012.05.28"]
[Round "7"]
[White "Schleipfenbauer, Bent"]
[Black "De Ruyter, Wim"]
[Result "1-0"]
[WhiteElo "1456"]
[BlackElo "1681"]
[PlyCount "81"]
[EventDate "2012.05.25"]
[EventType "swiss"]
[EventRounds "7"]
[EventCountry "NED"]
[Source "P.Boonen"]
[SourceDate "2013.01.01"]

1. e4 e5 2. Nf3 Nf6 3. Nxe5 d6 4. Nf3 Nxe4 5. Nc3 Nxc3 6. dxc3 Nc6 7. Bc4 Be7
8. Be3 O-O 9. Qd2 Be6 10. Bxe6 fxe6 11. O-O-O d5 12. h4 Bf6 13. Bg5 Qd6 14.
Bxf6 Rxf6 15. Rde1 Raf8 16. Re2 e5 17. Rh3 e4 18. Nd4 Rf4 19. g3 Nxd4 20. Qxd4
Rf3 21. Rd2 R8f5 22. Qxa7 b6 23. Qa8+ Kf7 24. c4 e3 25. fxe3 Rxe3 26. Rxd5 Qe6
27. Rxf5+ Qxf5 28. Qd5+ Kf6 29. Qxf5+ Kxf5 30. g4+ Kf4 31. Rxe3 Kxe3 32. a4 Kf4
33. b4 Ke5 34. c3 Kd6 35. Kd2 c6 36. Kd3 Ke7 37. Kd4 Kd6 38. c5+ bxc5+ 39.
bxc5+ Kc7 40. Ke5 Kb7 41. Kd6 1-0

[Event "ENCI Limburg-open C"]
[Site "Maastricht"]
[Date "2012.05.28"]
[Round "7"]
[White "Slagter, Maxim"]
[Black "De Mon, Gino"]
[Result "1-0"]
[WhiteElo "1374"]
[BlackElo "1172"]
[PlyCount "97"]
[EventDate "2012.05.25"]
[EventType "swiss"]
[EventRounds "7"]
[EventCountry "NED"]
[Source "P.Boonen"]
[SourceDate "2013.01.01"]

1. e4 e5 2. Nf3 Nc6 3. Bc4 Bc5 4. Nc3 d6 5. d3 h6 6. Be3 Bg4 7. Bxc5 dxc5 8. h3
Bh5 9. Na4 Qe7 10. Bb5 Qd6 11. Nc3 Nge7 12. Qe2 a6 13. Bxc6+ Nxc6 14. g4 Bg6
15. O-O-O h5 16. Nh4 Nd4 17. Qe3 hxg4 18. hxg4 O-O-O 19. Rdf1 Qf6 20. Ng2 Qf3
21. Qxf3 Nxf3 22. Nd5 Rde8 23. Ne7+ Kd7 24. Nxg6 fxg6 25. Ne3 g5 26. Nf5 g6 27.
Ne3 c6 28. Kd1 b5 29. Ke2 Nd4+ 30. Kd2 Nf3+ 31. Ke2 Ref8 32. c3 Rhg8 33. Rh7+
Ke6 34. Ra7 Kd6 35. Rxa6 Rg7 36. a4 Rb7 37. axb5 Rxb5 38. Nc4+ Kc7 39. Ra7+ Kb8
40. Rg7 Nh4 41. Re7 Ng2 42. Rxe5 Nf4+ 43. Ke3 Nh3 44. Re6 Rd8 45. Rxc6 Nf4 46.
Rd1 Rb7 47. Rxc5 Rh7 48. Rxg5 Rh3+ 49. Kxf4 1-0